| 000 | 00792aam a2200277 i 4500 | ||
|---|---|---|---|
| 001 | 768714001 | ||
| 003 | CO-MdFUSB | ||
| 005 | 20250519170543.0 | ||
| 007 | ta | ||
| 008 | 250519t1945 ag |||| |||| 00| 0 spa d | ||
| 040 | _cCO-MdFUSB | ||
| 041 | 0 | _aspa | |
| 082 | 0 | 4 |
_223 _a248.329 _bL4381j |
| 100 | 1 |
_aLear, G. M. J. _eautor |
|
| 245 | 1 | 0 |
_aJorge Müller de Bristol : _bo un millón y medio en contestación a la oración _c/ G. M. J. Lear |
| 264 | 1 |
_bDepósito de Libros Evangélicos, _aArgentina : _c[1945] |
|
| 264 | 4 | _c©1945 | |
| 300 | _a131 páginas | ||
| 336 |
_atexto _btxt _2rdacontent |
||
| 337 |
_2rdamedia _asin mediación _bn |
||
| 338 |
_2rdacarrier _avolumen _bnc |
||
| 563 | _aPasta dura | ||
| 650 | 0 |
_aBiografías cristianas _91238 |
|
| 942 | _cBK | ||
| 945 | _aJTF-925 | ||
| 999 |
_c35723 _d35723 |
||